[Event "98th ch-GBR"]
[Site "Sheffield ENG"]
[Date "2011.07.28"]
[Round "4"]
[White "Dargan,P"]
[Black "Zhou,Y"]
[Result "1/2-1/2"]
[WhiteElo "2151"]
[BlackElo "2444"]
[EventDate "2011.07.25"]

1. e4 c5 2. c3 d5 3. exd5 Qxd5 4. d4 Nf6 5. Nf3 Bg4 6. Nbd2 Nc6 7. Bc4 Bxf3
8. Qb3 Na5 9. Qb5+ Qd7 10. Nxf3 Nxc4 11. Qxc4 cxd4 12. Nxd4 e5 13. Nc2 Qd5
14. Ne3 Qxc4 15. Nxc4 Nd7 16. O-O f6 17. Rd1 Rc8 18. Nd6+ Bxd6 19. Rxd6 Ke7
20. Rd1 Rhd8 21. Be3 b6 22. Kf1 h5 23. a4 Nc5 24. Rxd8 Rxd8 25. Ke2 Ke6 26.
Bxc5 bxc5 27. b4 cxb4 28. cxb4 Rd4 29. Rb1 g5 30. a5 a6 31. b5 axb5 32.
Rxb5 Ra4 33. Rb6+ Kf5 34. a6 g4 35. g3 Kg5 36. Re6 Ra5 37. Kf1 Kf5 38. Rb6
Ra2 39. Kg1 e4 40. Rb5+ Kg6 41. Rb6 Kg5 42. Re6 f5 43. Kf1 h4 44. Ke1 h3
45. Kf1 e3 46. Rxe3 Rxa6 47. Re1 Ra2 48. Kg1 Kf6 49. Rb1 Ke5 50. Kf1 Rc2
51. Ra1 Ke4 52. Re1+ Kd3 53. Re3+ Kd4 54. Re1 Rd2 55. Ra1 Ke5 56. Re1+ Kf6
57. Kg1 f4 58. Ra1 Ke6 59. Rb1 Kd5 60. Ra1 Kd4 61. Ra4+ Kd3 62. Ra3+ Ke2
63. Ra1 Rd3 64. Ra2+ Kf3 65. Ra1 fxg3 66. fxg3 Rd2 67. Rb1 Rg2+ 68. Kh1
1/2-1/2

[Event "98th ch-GBR"]
[Site "Sheffield ENG"]
[Date "2011.07.28"]
[Round "4"]
[White "Buckley,G"]
[Black "Almond,R"]
[Result "1/2-1/2"]
[WhiteElo "2380"]
[BlackElo "2121"]
[EventDate "2011.07.25"]

1. d4 d5 2. c4 e6 3. Nc3 Nf6 4. Bg5 Be7 5. e3 O-O 6. Nf3 h6 7. Bh4 b6 8.
Be2 Bb7 9. Bxf6 Bxf6 10. cxd5 exd5 11. b4 c6 12. O-O a5 13. bxa5 Rxa5 14.
a4 Nd7 15. Qb3 Qa8 16. Rfe1 Re8 17. e4 b5 18. exd5 bxa4 19. Qb4 c5 20. dxc5
Bxc3 21. Qxc3 Rxc5 22. Qb4 Bxd5 23. Rxa4 Qc8 24. Raa1 Nf6 25. h3 Qc7 26.
Nd4 Rb8 27. Qd2 Be4 28. Bf1 Rd8 29. Qe3 Rc3 30. Rac1 Rxc1 31. Rxc1 Qb6 32.
Rd1 Rd6 33. Kh2 Qc5 34. f3 Bg6 35. Qe7 Qb6 36. Qe5 Rd5 37. Qe3 Qd6+ 38. Kg1
Qc5 39. Rd2 Kh7 40. Kh2 Qd6+ 41. g3 Qc5 42. Bg2 Re5 43. Qb3 Re1 44. Qb2 Rb1
45. Qa2 Qc1 46. Ne2 Qe1 47. Rd8 Bf5 48. Qc4 Rd1 49. Ra8 Rd2 50. Nf4 Be6 51.
Qc5 g5 52. Nxe6 Qxe6 53. Ra3 Qe2 54. Qg1 Rd1 55. Qe3 Qxe3 56. Rxe3 1/2-1/2

[Event "98th ch-GBR"]
[Site "Sheffield ENG"]
[Date "2011.07.28"]
[Round "4"]
[White "Yurenok,M"]
[Black "Eggleston,D"]
[Result "1/2-1/2"]
[WhiteElo "2090"]
[BlackElo "2318"]
[EventDate "2011.07.25"]

1. d4 Nf6 2. c4 e6 3. Nc3 Bb4 4. Qc2 O-O 5. a3 Bxc3+ 6. Qxc3 b6 7. Bg5 Bb7
8. Nf3 d6 9. Nd2 Nbd7 10. e3 Qe7 11. f3 c5 12. dxc5 dxc5 13. Bd3 e5 14. Bf5
h6 15. Bh4 Rad8 16. O-O Rfe8 17. Qc2 g5 18. Bg3 Nh5 19. Rad1 Ndf6 20. Ne4
Bxe4 21. Bxe4 Nxe4 22. Qxe4 Qe6 23. Qc2 e4 24. f4 Rxd1 25. Qxd1 Ng7 26.
fxg5 hxg5 27. b3 f6 28. Qe2 Re7 29. Rd1 Rd7 30. Be1 Nf5 31. Rxd7 Qxd7 32.
Qd2 Qd3 33. Kf2 Kf7 34. Qxd3 exd3 35. e4 Nd4 36. Ke3 Nxb3 37. Kxd3 Nd4 38.
h4 gxh4 39. Bxh4 Ke6 40. Bg3 Nc6 41. Bf4 Nd4 42. Bb8 Nc6 43. Bf4 Nd4
1/2-1/2

[Event "98th ch-GBR"]
[Site "Sheffield ENG"]
[Date "2011.07.28"]
[Round "4"]
[White "Coates,D"]
[Black "Webb,L"]
[Result "1/2-1/2"]
[WhiteElo "2080"]
[BlackElo "2306"]
[EventDate "2011.07.25"]

1. d4 Nf6 2. c4 c5 3. d5 e5 4. Nc3 d6 5. e4 Be7 6. h3 a6 7. Nf3 Nbd7 8. Bd3
h5 9. Be3 h4 10. Qd2 Nf8 11. a3 Ng6 12. b4 b6 13. O-O Nh5 14. Ne2 Bf6 15.
Rab1 O-O 16. Rb2 Bd7 17. bxc5 bxc5 18. Rfb1 Ra7 19. Rb6 Qe7 20. Bc2 Raa8
21. Qa5 Bc8 22. Qa4 Bd7 23. Qa5 Bc8 24. Qa4 Rd8 25. Qc6 Ra7 26. Rb8 Rc7 27.
Qb6 Nhf4 28. Nxf4 exf4 29. Bd2 Rf8 30. Ba5 Ra7 31. Qc6 Bd7 32. Qb6 Bc8 33.
Qc6 Bd7 34. Qb6 Bc8 35. Qc6 1/2-1/2

[Event "98th ch-GBR"]
[Site "Sheffield ENG"]
[Date "2011.07.28"]
[Round "4"]
[White "Mason,D"]
[Black "Pleasants,A"]
[Result "1/2-1/2"]
[WhiteElo "2237"]
[BlackElo "2092"]
[EventDate "2011.07.25"]

1. d4 g6 2. e4 Bg7 3. Nf3 d6 4. c4 Bg4 5. Be2 Nc6 6. Be3 e5 7. d5 Bxf3 8.
Bxf3 Nd4 9. Bxd4 exd4 10. Nd2 Nf6 11. Nb3 O-O 12. O-O Nd7 13. Rb1 Qf6 14.
Be2 Rae8 15. Bd3 Qh4 16. Re1 f5 17. g3 Qf6 18. f4 fxe4 19. Rxe4 Rxe4 20.
Bxe4 Re8 21. Qf3 Qe7 22. Re1 d3 23. Qxd3 Bxb2 24. Re2 Qf6 1/2-1/2

[Event "98th ch-GBR"]
[Site "Sheffield ENG"]
[Date "2011.07.28"]
[Round "4"]
[White "Khandelwal,A"]
[Black "Waterfield,J"]
[Result "1/2-1/2"]
[WhiteElo "2211"]
[BlackElo "1992"]
[EventDate "2011.07.25"]

1. e4 c5 2. Nf3 d6 3. d4 cxd4 4. Nxd4 Nf6 5. Nc3 a6 6. Bg5 e6 7. Qd2 Nbd7
8. O-O-O b5 9. a3 Bb7 10. f4 Be7 11. Bd3 Qb6 12. Nf3 b4 13. axb4 Qxb4 14.
Bxf6 Nxf6 15. e5 dxe5 16. fxe5 Nd5 17. Nxd5 Bxd5 18. Qxb4 Bxb4 19. Nd2 Bc5
20. Be4 O-O-O 21. c4 Bb7 22. Bxb7+ Kxb7 23. Ne4 Kc6 24. Kc2 Be7 25. Kc3 a5
26. h3 f5 27. Ng3 Bg5 28. Ne2 Be3 29. h4 Kc7 30. h5 Rxd1 31. Rxd1 Rd8 32.
Rxd8 Kxd8 33. Kd3 Bc5 34. Nf4 Kd7 35. h6 gxh6 36. Nh5 Bg1 37. Nf6+ Ke7 38.
Nxh7 Bh2 39. Kd4 Bg1+ 40. Kd3 Bh2 41. Kd4 Bg1+ 1/2-1/2

[Event "98th ch-GBR"]
[Site "Sheffield ENG"]
[Date "2011.07.28"]
[Round "4"]
[White "Weaving,Richard"]
[Black "Harvey,Marcus R"]
[Result "1/2-1/2"]
[WhiteElo "2070"]
[BlackElo "2206"]
[EventDate "2011.07.25"]

1. e4 c6 2. d4 d5 3. exd5 cxd5 4. c4 Nf6 5. Nc3 Nc6 6. Bg5 dxc4 7. Bxc4 Bg4
8. Qb3 e6 9. f3 Bf5 10. Qxb7 Nxd4 11. Bb5+ Nxb5 12. Qc6+ Ke7 13. Qxb5 Qb6
14. Qe5 Qd6 15. f4 h6 16. Bh4 g5 17. Qxd6+ Kxd6 18. fxg5 hxg5 19. Bxg5 Ne4
20. Bd2 Rg8 21. Nf3 Nxd2 22. Nxd2 Rxg2 23. Nc4+ Ke7 24. Ne3 Rxb2 25. Nxf5+
exf5 26. O-O-O Rab8 27. Nd5+ Kd6 28. Nb4+ Ke6 29. Kxb2 Rxb4+ 30. Kc3 Ra4
31. Rhe1+ Kf6 32. Re2 Rh4 33. Rd5 Bb4+ 34. Kb3 a5 35. Rd3 Bc5 36. Rf3 a4+
37. Kc2 a3 38. Rc3 Bf8 39. Rc8 Kg7 40. Rg2+ Rg4 41. Rxg4+ fxg4 42. Rc6 f6
43. Kd3 Kg6 44. Ke3 Kg5 45. Kf2 f5 46. h3 gxh3 1/2-1/2

[Event "98th ch-GBR"]
[Site "Sheffield ENG"]
[Date "2011.07.28"]
[Round "4"]
[White "Lenier,J"]
[Black "O'Toole,G"]
[Result "0-1"]
[WhiteElo "2065"]
[BlackElo "2185"]
[EventDate "2011.07.25"]

1. e4 d6 2. d4 Nf6 3. Nc3 g6 4. Be3 a6 5. a4 Bg7 6. Bd3 Nc6 7. f3 O-O 8.
Nge2 e5 9. d5 Ne7 10. Qd2 c6 11. Bc4 cxd5 12. Nxd5 Nfxd5 13. Bxd5 Nxd5 14.
Qxd5 Be6 15. Qxb7 Rb8 16. Qxa6 Qc7 17. Rd1 Rxb2 18. Qxd6 Qxc2 19. Qd2 Qb3
20. Qd3 Qxa4 21. Rc1 Qa2 22. Kf2 Rfb8 23. Rhe1 Bf8 24. Bc5 Rd2 25. Qe3 Rb3
26. Rc3 Bxc5 27. Qxc5 Rbb2 28. Ra3 Rxe2+ 29. Rxe2 Rxe2+ 30. Kf1 Rf2+ 0-1

[Event "98th ch-GBR"]
[Site "Sheffield ENG"]
[Date "2011.07.28"]
[Round "4"]
[White "Phillips,O"]
[Black "Walton,A"]
[Result "1/2-1/2"]
[WhiteElo "1967"]
[BlackElo "2172"]
[EventDate "2011.07.25"]

1. e4 e6 2. d4 d5 3. Nc3 Nf6 4. Bg5 Be7 5. e5 Nfd7 6. Bxe7 Qxe7 7. f4 a6 8.
Nf3 c5 9. Qd2 Nc6 10. dxc5 Qxc5 11. O-O-O b5 12. Nd4 Nb6 13. Nxc6 Qxc6 14.
Ne2 Bd7 15. Nd4 Qc7 16. Bd3 O-O-O 17. Qa5 Kb7 18. Rhe1 Rc8 19. Kb1 h6 20.
b3 Ra8 21. g4 Rhc8 22. Qb4 Re8 23. Qa5 Qd8 24. Qd2 Qe7 25. f5 Rec8 26. Qf4
Qc5 27. fxe6 fxe6 28. Bg6 Rf8 29. Qd2 a5 30. Bf5 exf5 31. e6 Bc6 32. gxf5
Rae8 33. Rg1 Re7 34. Rg6 Be8 35. Rg3 Nc8 36. Qxa5 Nd6 37. Rc3 Qb6 38. Qb4
Rc7 39. Rxc7+ Qxc7 40. a4 g6 41. e7 Qxe7 42. Re1 Qh4 43. Re6 Rf6 44. Re7+
Kb6 45. a5+ Ka6 46. Qc5 Nb7 47. Qc8 Qxd4 48. Qxb7+ Kxa5 49. Rxe8 Qd1+ 50.
Kb2 Qd4+ 51. Kb1 Qd1+ 52. Kb2 Qd4+ 1/2-1/2

[Event "98th ch-GBR"]
[Site "Sheffield ENG"]
[Date "2011.07.28"]
[Round "4"]
[White "Jackson,J"]
[Black "Boulton,William J K"]
[Result "1/2-1/2"]
[WhiteElo "2157"]
[BlackElo "1971"]
[EventDate "2011.07.25"]

1. e4 e5 2. Nf3 Nc6 3. Bb5 f5 4. Nc3 fxe4 5. Nxe4 Nf6 6. Qe2 d5 7. Nxf6+
gxf6 8. d4 Bg7 9. dxe5 O-O 10. Bxc6 bxc6 11. e6 Qd6 12. O-O Bxe6 13. Bf4
Qd7 14. Bxc7 Bg4 15. Bg3 Rae8 16. Qd3 f5 17. h3 f4 18. hxg4 fxg3 19. g5
gxf2+ 20. Rxf2 Bxb2 21. Rb1 Qg7 22. c4 Be5 23. cxd5 Rd8 24. Rd2 Bf4 25.
Rdd1 cxd5 26. Qb3 Qf7 27. Rd3 Rb8 28. Qd1 Rxb1 29. Qxb1 Qf5 30. a4 Rc8 31.
Qb5 Rc1+ 32. Kf2 Rc2+ 33. Kf1 Rc1+ 34. Kf2 Rc2+ 35. Kf1 Rc1+ 1/2-1/2

[Event "98th ch-GBR"]
[Site "Sheffield ENG"]
[Date "2011.07.28"]
[Round "4"]
[White "Hegarty,S"]
[Black "Jenks,C"]
[Result "1/2-1/2"]
[WhiteElo "2065"]
[BlackElo "2146"]
[EventDate "2011.07.25"]

1. e4 c5 2. Nf3 g6 3. d4 cxd4 4. Nxd4 Bg7 5. Nc3 Nc6 6. Be3 Nf6 7. f3 O-O
8. Qd2 d5 9. exd5 Nxd5 10. Nxc6 bxc6 11. Bd4 Nxc3 12. Bxg7 Qxd2+ 13. Kxd2
Ne4+ 14. fxe4 Rd8+ 15. Kc3 Kxg7 16. Bc4 e5 17. Rae1 Rb8 18. Rhf1 Rb7 19.
Re3 Rd6 20. Ref3 f6 21. h3 h5 22. R3f2 1/2-1/2

[Event "98th ch-GBR"]
[Site "Sheffield ENG"]
[Date "2011.07.28"]
[Round "4"]
[White "Rabbitte,L"]
[Black "Surtees,M"]
[Result "1-0"]
[WhiteElo "2034"]
[BlackElo "2151"]
[EventDate "2011.07.25"]

1. d4 c6 2. Nf3 f6 3. e4 g6 4. c4 Nh6 5. Nc3 Bg7 6. Be2 Nf7 7. Be3 b6 8. b4
O-O 9. O-O d6 10. Qb3 e6 11. c5 d5 12. exd5 exd5 13. b5 Be6 14. cxb6 Qxb6
15. Na4 Qd8 16. Nc5 Qd6 17. Bf4 Qe7 18. Rfe1 Bc8 19. Rac1 Qd8 20. a4 Re8
21. bxc6 Qa5 22. Bxb8 Bg4 23. Bf4 Bxf3 24. Qxf3 f5 25. Be3 Re4 26. Nxe4
dxe4 27. Qg3 1-0

[Event "98th ch-GBR"]
[Site "Sheffield ENG"]
[Date "2011.07.28"]
[Round "4"]
[White "French,A"]
[Black "Haria,R"]
[Result "1/2-1/2"]
[WhiteElo "2103"]
[BlackElo "2073"]
[EventDate "2011.07.25"]

1. e4 c5 2. c3 d5 3. exd5 Qxd5 4. d4 Nf6 5. Nf3 Bg4 6. dxc5 Qxc5 7. Na3
Nbd7 8. h3 Bh5 9. Be3 Qc8 10. Be2 e6 11. Nb5 a6 12. Nd6+ Bxd6 13. Qxd6 Nd5
14. Bd4 Qc7 15. Qxc7 Nxc7 16. g4 Bg6 17. Bxg7 Rg8 18. Bh6 Be4 19. O-O-O Nd5
20. Rhg1 Rg6 21. Bd2 Rf6 22. Rg3 Rc8 23. Rf1 Nf4 24. Bxf4 Rxf4 25. Kd2 Bg6
26. Nh4 Nc5 27. Nxg6 fxg6 28. Rf3 Ra4 29. a3 Re4 30. Re3 Rf4 31. Kc2 Ke7
32. Rf3 Rcf8 33. Rxf4 Rxf4 34. f3 Nd7 35. Bd3 Ne5 36. Be4 b6 37. b3 h5 38.
Kd2 hxg4 39. hxg4 g5 40. Ke2 a5 41. Rg1 Nf7 42. Ke3 Nd6 43. Bd3 e5 44. c4
a4 45. Rb1 axb3 46. Rxb3 Nxc4+ 47. Bxc4 Rxc4 48. Rxb6 Rc3+ 49. Ke4 Rxa3 50.
Rg6 Ra4+ 51. Ke3 Ra3+ 52. Kf2 e4 53. fxe4 Ra4 54. Ke3 Ra3+ 55. Kd4 Ra4+ 56.
Kd3 Ra3+ 57. Kc2 Ra4 58. Rxg5 Rxe4 59. Kd3 Ra4 60. Ke3 Kf6 61. Rf5+ Kg6 62.
Kf3 Ra1 63. Rb5 Rf1+ 64. Kg2 Ra1 65. Rf5 1/2-1/2

[Event "98th ch-GBR"]
[Site "Sheffield ENG"]
[Date "2011.07.28"]
[Round "4"]
[White "De Coverly,R"]
[Black "Dines,S"]
[Result "0-1"]
[WhiteElo "2080"]
[BlackElo "1889"]
[EventDate "2011.07.25"]

1. e4 e5 2. Nf3 Nc6 3. Bb5 a6 4. Ba4 Nf6 5. O-O b5 6. Bb3 Be7 7. Re1 d6 8.
c3 Nb8 9. d4 Nbd7 10. Nbd2 c5 11. Nf1 O-O 12. Ng3 Re8 13. Nf5 Bf8 14. dxe5
dxe5 15. Nd6 Bxd6 16. Qxd6 c4 17. Bc2 Re6 18. Qd1 Qc7 19. Qe2 Bb7 20. Ng5
Ree8 21. f3 h6 22. Nh3 Nc5 23. Be3 Red8 24. Rad1 a5 25. Qf2 Rxd1 26. Rxd1
Ne6 27. Qh4 Ne8 28. Nf2 Rd8 29. Rxd8 Nxd8 30. Qg3 Kh8 31. Ng4 f6 32. h4 Ne6
33. Qf2 Qd6 34. Qd2 Qxd2 35. Bxd2 N8c7 36. a4 Bc6 37. Ne3 Nc5 38. axb5 Bxb5
39. Kf2 Nb3 40. Bxb3 cxb3 41. c4 a4 42. Bb4 Bc6 43. Ke2 Ne6 44. Kd2 h5 45.
Kc3 Kg8 46. c5 Kf7 47. Ba3 Nf4 48. Kb4 Ke6 49. Ka5 g5 50. hxg5 fxg5 51. Kb6
Kd7 52. Nc4 Ng6 53. Na5 Ne7 54. Nxc6 Nxc6 55. Kb5 Nd4+ 56. Kxa4 Nxf3 57.
Kxb3 Ne1 58. Kc3 Nxg2 59. Kd2 h4 60. Ke2 h3 61. Kf2 Nf4 62. Kg3 g4 63. b4
Ne2+ 64. Kh2 Nd4 65. Bc1 Kc6 66. Bh6 Kb5 67. Bf8 Nf3+ 68. Kg3 Nd2 69. Bg7
Nxe4+ 70. Kh2 Nd2 71. Kg3 Nc4 72. Bf6 e4 73. Bg5 Ne5 74. Bf4 Nd3 75. Bd6 e3
76. Kxg4 e2 77. Bg3 h2 0-1

[Event "98th ch-GBR"]
[Site "Sheffield ENG"]
[Date "2011.07.29"]
[Round "5"]
[White "Short,N"]
[Black "Howell,D"]
[Result "1/2-1/2"]
[WhiteElo "2687"]
[BlackElo "2625"]
[EventDate "2011.07.25"]

1. e4 e5 2. Nf3 Nc6 3. Bb5 Nf6 4. Qe2 Bc5 5. c3 O-O 6. d3 Re8 7. Bg5 Be7 8.
Nbd2 d6 9. O-O h6 10. Be3 Bf8 11. h3 Bd7 12. a4 Ne7 13. d4 exd4 14. cxd4
Ng6 15. Bd3 Nh5 16. Bc2 Nhf4 17. Qd1 d5 18. e5 b6 19. Rc1 Rc8 20. Nb1 c5
21. Qd2 Ne6 22. dxc5 bxc5 23. Qxd5 Bc6 24. Qxd8 Rexd8 25. Nbd2 Ngf4 26.
Rcd1 Ne2+ 27. Kh2 N2d4 28. Be4 Bxa4 29. Ra1 Bb5 30. Rfc1 Rc7 31. h4 Rcd7
32. h5 Ne2 33. Rc2 N6d4 34. Bxd4 cxd4 35. Bc6 d3 36. Rc4 Bxc4 37. Bxd7 Bd5
38. Rxa7 Bb4 39. g3 Nc1 40. Ba4 Rc8 41. Rd7 Be6 42. Rb7 Bc5 43. Bd7 Bxd7
44. Rxd7 Bxf2 45. Ne4 Bb6 46. b4 Rd8 47. Rd6 Rxd6 48. Nxd6 Nb3 49. Nc4 Ba7
50. Kg2 Kf8 51. b5 g6 52. g4 gxh5 53. gxh5 Ke7 54. b6 Bb8 55. Kf2 f6 56.
exf6+ Kxf6 57. Ke3 Nc5 58. Kd4 Nd7 59. Ke4 Nc5+ 60. Kd5 Nb3 61. Nb2 d2 62.
Kc4 Na5+ 63. Kb5 Nb7 64. Nxd2 Nd6+ 65. Kc6 Nc8 66. b7 Nd6 67. Nbc4 Nxb7 68.
Kxb7 Bf4 69. Ne4+ Kf5 70. Nf2 Kg5 71. Nh3+ Kg4 72. Nxf4 Kxf4 73. Nd6 Kg5
74. Nf7+ Kxh5 75. Ka8 Kg6 76. Nxh6 1/2-1/2

[Event "98th ch-GBR"]
[Site "Sheffield ENG"]
[Date "2011.07.29"]
[Round "5"]
[White "Gordon,S"]
[Black "Hunt,A"]
[Result "1/2-1/2"]
[WhiteElo "2533"]
[BlackElo "2436"]
[EventDate "2011.07.25"]

1. d4 Nf6 2. c4 g6 3. Nc3 d5 4. Nf3 Bg7 5. Qb3 dxc4 6. Qxc4 O-O 7. e4 Nc6
8. Be2 e5 9. d5 Nd4 10. Nxd4 exd4 11. Qxd4 c6 12. d6 Nd7 13. Qe3 Be5 14.
O-O Bxd6 15. Qh6 Re8 16. Be3 Bf8 17. Qf4 Bg7 18. Rad1 Be5 19. Qh6 Bg7 20.
Qf4 Be5 21. Qg4 Qe7 22. Bg5 Bf6 23. Bxf6 Nxf6 24. Qg5 Bd7 25. f4 Nxe4 26.
Nxe4 Qxe4 27. Rxd7 Qxe2 28. f5 Rf8 29. Qf6 gxf5 30. Qxf5 Kh8 31. Qf6+ Kg8
32. Rf5 Qe1+ 33. Rf1 Qe3+ 34. Kh1 Qe6 35. Rxb7 Qxf6 36. Rxf6 Rab8 37. Rxb8
Rxb8 38. b3 Rd8 39. h3 Rd2 40. a4 Rc2 41. Rd6 Kg7 42. b4 Ra2 43. Rxc6
1/2-1/2

[Event "98th ch-GBR"]
[Site "Sheffield ENG"]
[Date "2011.07.29"]
[Round "5"]
[White "Hebden,M"]
[Black "Jaunooby,A"]
[Result "1-0"]
[WhiteElo "2533"]
[BlackElo "2130"]
[EventDate "2011.07.25"]

1. d4 c5 2. d5 Nf6 3. Nc3 d6 4. e4 g6 5. Be2 Bg7 6. Nf3 O-O 7. O-O e6 8.
Nd2 exd5 9. exd5 a6 10. a4 Nbd7 11. Nc4 Nb6 12. Ne3 Bd7 13. Re1 Re8 14. Bf3
Qc7 15. Bd2 Rad8 16. b3 Bc8 17. g3 Nbd7 18. Bg2 Ne5 19. h3 g5 20. a5 Ng6
21. Nc4 g4 22. h4 Rxe1+ 23. Qxe1 Re8 24. Qd1 h5 25. Rb1 Ne5 26. Nxe5 Rxe5
27. Bf4 Re8 28. Na4 Bf5 29. Nb6 Ne4 30. Bxe4 Bxe4 31. Qd2 Bg6 32. Nc4 Bf8
33. Rc1 Qd7 34. c3 Rd8 35. Re1 Qf5 36. Nb6 Bg7 37. b4 cxb4 38. cxb4 Be5 39.
Bxe5 dxe5 40. d6 Qe6 41. d7 f6 42. Rc1 Kf7 43. Rc8 Qe7 44. Qd5+ Kg7 45. Qc5
Kf7 46. Rxd8 Qxd8 47. Qc8 1-0

[Event "98th ch-GBR"]
[Site "Sheffield ENG"]
[Date "2011.07.29"]
[Round "5"]
[White "Conquest,S"]
[Black "Nelson,Jo"]
[Result "1-0"]
[WhiteElo "2519"]
[BlackElo "2204"]
[EventDate "2011.07.25"]

1. d4 Nf6 2. Nf3 d6 3. Nc3 g6 4. e4 Bg7 5. h3 O-O 6. Be3 b6 7. e5 Nfd7 8.
e6 fxe6 9. h4 Nf6 10. h5 Nxh5 11. Ng5 Nf6 12. Bd3 Qe8 13. Nxh7 Nxh7 14.
Rxh7 e5 15. Rh4 exd4 16. Bc4+ e6 17. Bxd4 Nc6 18. Bxg7 Kxg7 19. Qd2 Rh8 20.
Rxh8 Qxh8 21. O-O-O Bd7 22. f4 Rf8 23. g3 Na5 24. Be2 Kg8 25. Ne4 Qh2 26.
Qd3 Qh6 27. Bg4 Nc6 28. Kb1 Ne7 29. Nxd6 Nf5 30. Nxf5 gxf5 31. Qxd7 fxg4
32. Qxc7 Rf7 33. Qe5 Rg7 34. Rd8+ Kh7 35. Qe4+ 1-0

[Event "98th ch-GBR"]
[Site "Sheffield ENG"]
[Date "2011.07.29"]
[Round "5"]
[White "Brown,Mart"]
[Black "Gormally,D"]
[Result "1-0"]
[WhiteElo "2130"]
[BlackElo "2519"]
[EventDate "2011.07.25"]

1. e4 c5 2. Nf3 d6 3. d4 cxd4 4. Nxd4 Nf6 5. Nc3 a6 6. Be2 g6 7. a4 Bg7 8.
Be3 Nc6 9. O-O O-O 10. f4 Qc7 11. Nb3 Be6 12. f5 Bxb3 13. cxb3 e6 14. g4
Nd7 15. Kh1 Be5 16. Rc1 Qd8 17. Rf3 Qh4 18. Qg1 Nc5 19. b4 Nxb4 20. f6 g5
21. Qg2 Qh6 22. Rcf1 Qg6 23. h4 gxh4 24. Rh3 Bg3 25. g5 Nc6 26. Bf4 Kh8 27.
Bxg3 hxg3 28. Rxg3 Nd4 29. Rf4 d5 30. Rh4 dxe4 31. Rgh3 Nf5 32. Rxh7+ Qxh7
33. Rxh7+ Kxh7 34. Qh3+ Kg8 35. Bg4 Nd3 36. Kg1 Nc5 37. Bxf5 exf5 38. Qh6
Ne6 39. Nd5 Rfe8 40. Nf4 1-0

[Event "98th ch-GBR"]
[Site "Sheffield ENG"]
[Date "2011.07.29"]
[Round "5"]
[White "Ledger,A"]
[Black "Chapman,T"]
[Result "1/2-1/2"]
[WhiteElo "2435"]
[BlackElo "2242"]
[EventDate "2011.07.25"]

1. d4 Nf6 2. Nf3 g6 3. c4 Bg7 4. g3 O-O 5. Bg2 d6 6. Nc3 Nc6 7. O-O a6 8.
Re1 Bd7 9. Rb1 b5 10. cxb5 axb5 11. d5 Na5 12. b4 Nc4 13. Nd4 Rb8 14. e3 e6
15. dxe6 fxe6 16. Qe2 d5 17. Nb3 c6 18. e4 Bc8 19. Nc5 Kh8 20. e5 Ng8 21.
f4 Ra8 22. h4 Ra7 23. Bh3 Qe7 24. Nd1 Nh6 25. Ne3 Nf5 26. Nxc4 bxc4 27.
Bxf5 gxf5 28. a4 Rg8 29. Kh2 Bf8 30. Be3 Qg7 31. Rg1 Bxc5 32. Bxc5 Rxa4 33.
Qb2 Ba6 34. Ra1 Bb5 35. Qc3 Rga8 36. Rxa4 Rxa4 37. Ra1 Qg4 38. Kg2 Qe2+ 39.
Bf2 Qe4+ 40. Kg1 Kg7 41. Rxa4 Bxa4 42. Qd4 1/2-1/2

[Event "98th ch-GBR"]
[Site "Sheffield ENG"]
[Date "2011.07.29"]
[Round "5"]
[White "Summerscale,A"]
[Black "Atako,C"]
[Result "1-0"]
[WhiteElo "2415"]
[BlackElo "2110"]
[EventDate "2011.07.25"]

1. d4 Nf6 2. Nf3 e6 3. e3 b6 4. Bd3 Bb7 5. O-O Be7 6. c4 O-O 7. Nc3 d5 8.
b3 Nbd7 9. Bb2 c5 10. Rc1 Re8 11. cxd5 exd5 12. Qe2 Ne4 13. Rfd1 Bf6 14.
Ba6 Bxa6 15. Qxa6 Nxc3 16. Bxc3 cxd4 17. Bxd4 Bxd4 18. Nxd4 Nc5 19. Qb5 Qf6
20. Rc2 h6 21. b4 Ne6 22. h3 Nxd4 23. Rxd4 Rac8 24. Rxd5 Rxc2 25. Qxe8+ Kh7
26. Qe4+ Qg6 27. Qxg6+ Kxg6 28. a4 Ra2 29. a5 bxa5 30. bxa5 f6 31. g4 a6
32. Kg2 Kf7 33. h4 Ke6 34. e4 Ra4 35. f3 Ra2+ 36. Kg3 Ra3 37. g5 hxg5 38.
hxg5 Ra1 39. Kg4 Kf7 40. Kf5 fxg5 41. Kxg5 Ra3 42. Kg4 Ke7 43. Rc5 Ke8 44.
f4 Kf7 45. Kf5 Ra1 46. Rc7+ Ke8 47. Ke6 Kd8 48. Rxg7 Rxa5 49. e5 Rb5 50.
Kf6 a5 51. e6 Rb6 52. Ra7 1-0

[Event "98th ch-GBR"]
[Site "Sheffield ENG"]
[Date "2011.07.29"]
[Round "5"]
[White "Constantinou,Pe"]
[Black "Burnett,J"]
[Result "1-0"]
[WhiteElo "2292"]
[BlackElo "2191"]
[EventDate "2011.07.25"]

1. e4 e6 2. d3 d5 3. Qe2 Nf6 4. Nf3 Be7 5. g3 O-O 6. Bg2 c5 7. O-O Nc6 8.
c3 b5 9. exd5 exd5 10. d4 c4 11. Ne5 Bb7 12. Bg5 Re8 13. f4 Qd6 14. Na3 a6
15. Bxf6 Bxf6 16. Nc2 g6 17. Qf3 Ne7 18. Rae1 Rf8 19. Ne3 Bg7 20. f5 f6 21.
N5g4 Rad8 22. Nf2 Bc8 23. fxg6 hxg6 24. Nh3 Be6 25. Nf4 Bf7 26. a3 a5 27.
Rf2 Rd7 28. Rfe2 f5 29. h4 Rb8 30. Nc2 Bf6 31. Re6 Bxe6 32. Rxe6 Bxd4+ 33.
Nxd4 Qc7 34. Nxg6 1-0

[Event "98th ch-GBR"]
[Site "Sheffield ENG"]
[Date "2011.07.29"]
[Round "5"]
[White "Lalic,S"]
[Black "MacQueen,C"]
[Result "0-1"]
[WhiteElo "2277"]
[BlackElo "2139"]
[EventDate "2011.07.25"]

1. e4 c5 2. Nc3 a6 3. g3 b5 4. Bg2 Bb7 5. Nge2 e6 6. O-O d5 7. exd5 b4 8.
Na4 Bxd5 9. Bxd5 exd5 10. d4 c4 11. a3 bxa3 12. b3 cxb3 13. cxb3 Nf6 14.
Re1 Be7 15. Nf4 Ra7 16. Bxa3 O-O 17. Bxe7 Rxe7 18. Rxe7 Qxe7 19. Nc5 Re8
20. Nxa6 Nxa6 21. Rxa6 Qe1+ 22. Qxe1 Rxe1+ 23. Kg2 h6 24. Ra8+ Kh7 25. Rd8
Rb1 26. Rf8 Rxb3 27. Rxf7 Rb4 28. Ne6 Kg6 29. Rxg7+ Kf5 30. Re7 Ne4 31. Nf4
Rxd4 32. Rf7+ Ke5 33. Rh7 Rd2 34. Nh3 d4 35. Rxh6 d3 36. Rh5+ Kd4 37. Rf5
Ra2 38. Ng1 Kc4 39. Rf4 d2 40. Rxe4+ Kc5 41. Ne2 d1=Q 42. Nc3 Qd3 43. Re5+
Kd6 44. Re3 Qxe3 0-1

[Event "98th ch-GBR"]
[Site "Sheffield ENG"]
[Date "2011.07.29"]
[Round "5"]
[White "Gregory,S"]
[Black "Birtwistle,N"]
[Result "1/2-1/2"]
[WhiteElo "2109"]
[BlackElo "2214"]
[EventDate "2011.07.25"]

1. e4 c5 2. Nf3 g6 3. d3 Bg7 4. g3 Nc6 5. Bg2 d6 6. O-O e5 7. Re1 Nge7 8.
c3 O-O 9. a3 Rb8 10. b4 b5 11. h3 a5 12. bxc5 dxc5 13. Be3 Qd6 14. Qc1 Rd8
15. Nbd2 a4 16. Bf1 Bd7 17. Kh2 Rdc8 18. Rb1 Na5 19. Nh4 b4 20. Nc4 Nxc4
21. dxc4 b3 22. Rb2 Be6 23. Qd1 Qb6 24. Nf3 Rd8 25. Qe2 f6 26. Rd1 Nc6 27.
Rxd8+ Rxd8 28. Qe1 Na5 29. Nd2 Bf8 30. Kg1 Qa6 31. f4 Nc6 32. Qf2 Qa5 33.
Nb1 Be7 34. f5 Bf7 35. h4 Qa8 36. Kh2 Na5 37. Nd2 Qc6 38. g4 Nb7 39. g5
gxf5 40. exf5 Nd6 41. gxf6 Bxf6 42. Bg5 Bxg5 43. hxg5 Qd7 44. Bh3 Qc7 45.
Qh4 e4 46. Kg1 e3 47. g6 hxg6 48. fxg6 Bxg6 49. Be6+ Kg7 50. Nf3 Re8 51.
Rh2 Ne4 52. Qh6+ Kf6 53. Rg2 Qh7 54. Qf4+ Kxe6 55. Qe5+ Kd7 56. Qd5+ Kc7
57. Ne5 Rd8 58. Qc6+ Kb8 59. Qb6+ Kc8 60. Qa6+ Kc7 61. Qc6+ 1/2-1/2

[Event "98th ch-GBR"]
[Site "Sheffield ENG"]
[Date "2011.07.29"]
[Round "5"]
[White "Adair,J"]
[Black "Yap,J"]
[Result "1-0"]
[WhiteElo "2212"]
[BlackElo "2029"]
[EventDate "2011.07.25"]

1. e4 c5 2. Nf3 d6 3. d4 cxd4 4. Nxd4 Nf6 5. Nc3 a6 6. Be3 Ng4 7. Bg5 h6 8.
Bh4 g5 9. Bg3 Bg7 10. h3 Ne5 11. f3 Nbc6 12. Bf2 Nxd4 13. Bxd4 Be6 14. Qd2
Rc8 15. Nd5 O-O 16. O-O-O Bxd5 17. exd5 Ng6 18. Bxg7 Kxg7 19. g3 Qd7 20. h4
gxh4 21. gxh4 Qa4 22. Kb1 Qf4 23. Qf2 Ne5 24. Rg1+ Kh8 25. Rd4 Qxf3 26. Qd2
Qf5 27. Bh3 Qh7 28. Bxc8 Rxc8 29. Rf4 Rg8 30. Qf2 Rg6 31. a4 Qg7 32. Rxg6
Qxg6 33. Rb4 b5 34. axb5 axb5 35. Rxb5 Qe4 36. b3 f5 37. Qd2 Kh7 38. Rb4
Nf3 39. Qc3 Qxd5 40. Rb8 e5 41. h5 Qd1+ 42. Ka2 Kg7 43. Qc8 Kf6 44. Qd8+
Ke6 45. Qg8+ 1-0

[Event "98th ch-GBR"]
[Site "Sheffield ENG"]
[Date "2011.07.29"]
[Round "5"]
[White "Holland,J"]
[Black "Foo,William J"]
[Result "1-0"]
[WhiteElo "2196"]
[BlackElo "1893"]
[EventDate "2011.07.25"]

1. e4 c6 2. d4 d5 3. e5 c5 4. dxc5 Nc6 5. Bb5 e6 6. Be3 Bd7 7. Bxc6 Bxc6 8.
Nf3 Ne7 9. Nd4 Nf5 10. Nxf5 exf5 11. O-O Qc7 12. Re1 O-O-O 13. Bd4 Rg8 14.
b4 Bd7 15. Nc3 Qc6 16. b5 Qg6 17. a4 f4 18. Qf3 Bf5 19. Qxf4 Be7 20. c6 Bg5
21. Qf3 Bd2 22. Nxd5 Rge8 23. cxb7+ Kb8 24. c4 Bxe1 25. Rxe1 Bg4 26. Qe3
Kxb7 27. Bxa7 Qe6 28. a5 1-0